| 000 | 00449nam a2200145 4500 | ||
|---|---|---|---|
| 999 |
_c10902 _d10902 |
||
| 008 | 180926b ||||| |||| 00| 0 eng d | ||
| 022 | _a2094-8042 | ||
| 082 | _aDPer 370.105 M72 Jan-Dec 2011 v59-60 | ||
| 100 |
_931702 _aJala, Evangelina T. |
||
| 245 |
_aA little angel/ _cEvangelina T. Jala. |
||
| 260 |
_aPhilippines: _bIn the Grade School, Inc., _cc2011. |
||
| 300 |
_av60 n5, page 204; _c27cm. |
||
| 650 | 0 |
_931703 _aPoetry. |
|
| 942 |
_2ddc _cPER |
||